| 000 | 00620nam a2200181Ia 4500 | ||
|---|---|---|---|
| 008 | 151018s9999 xx 000 0 und d | ||
| 082 |
_bRBASDV13079 _a891.463 |
||
| 100 | _aप्र द मराठे | ||
| 245 | _aधैर्य समुद्र ढवळला | ||
| 250 | _b1 | ||
| 260 |
_bसरिता प्रकाशन पुणे _c1978 |
||
| 300 | _a188 | ||
| 600 | _aप्र द मराठे | ||
| 630 | _aधैर्य समुद्र ढवळला | ||
| 700 | _aप्र द मराठे | ||
| 730 | _aधैर्य समुद्र ढवळला | ||
| 942 | _cBOOK | ||
| 999 |
_c1015316 _d1015313 |
||